BARR'S THE HUMAN NERVOUS SYSTEM (Record no. 15560)

MARC details
000 -LEADER
fixed length control field 00355nam a22001577a 4500
003 - CONTROL NUMBER IDENTIFIER
control field SGT
020 ## - INTERNATIONAL STANDARD BOOK NUMBER
International Standard Book Number 978-1-4511-7327-7
082 ## - DEWEY DECIMAL CLASSIFICATION NUMBER
Classification number 611
Item number B14K
100 ## - MAIN ENTRY--PERSONAL NAME
Personal name KICRNAN, JOHN A.
245 ## - TITLE STATEMENT
Title BARR'S THE HUMAN NERVOUS SYSTEM
250 ## - EDITION STATEMENT
Edition statement 10TH
260 ## - PUBLICATION, DISTRIBUTION, ETC. (IMPRINT)
Place of publication, distribution, etc PHILADELPHIA
Name of publisher, distributor, etc WOLTERS KLUWER
Year of Publication 2014
300 ## - PAGE DESCRIPTION
No. of Pages 423
650 ## - SUBJECT ADDED ENTRY--TOPICAL TERM
Topical term or geographic name as entry element ANATOMY
942 ## - ADDED ENTRY ELEMENTS (KOHA)
Source of classification or shelving scheme Dewey Decimal Classification
Koha item type Books
Holdings
Withdrawn status Lost status Source of classification or shelving scheme Damaged status Not for loan Collection code Home library Current library Shelving location Date acquired Vendor Name SGTU Bill Number Total Checkouts Full call number Accession No. (Barcode) Date last seen Bill Date Koha item type
    Dewey Decimal Classification     MEDICAL SGT Medical Library SGT Medical Library Text Book 14/06/2018 ABC SGTU 9732   611 B14K FM10679 14/06/2018 15/05/2018 Books
    Dewey Decimal Classification     MEDICAL SGT Medical Library SGT Medical Library Text Book 14/06/2018 ABC SGTU 9732   611 B14K FM10680 14/06/2018 15/05/2018 Books